Подробности
| 000 -МАРКЕР |
| контрольное поле |
01471nam0a22002771 4500 |
| 001 - ИДЕНТИФИКАТОР ЗАПИСИ |
| контрольное поле |
rc\455418 |
| 005 - ИДЕНТИФИКАТОР ВЕРСИИ |
| контрольное поле |
20260407132650.0 |
| 035 ## - ДРУГИЕ СИСТЕМНЫЕ НОМЕРА |
| Идентификатор записи |
(NLR Aleph) 005700201 |
| 100 ## - ДАННЫЕ ОБЩЕЙ ОБРАБОТКИ |
| Данные общей обработки |
20030616d1987 |||y0rusy50 ca |
| 101 0# - ЯЗЫК РЕСУРСА |
| Язык текста, звукозаписи и т.д. |
русский |
| 102 ## - СТРАНА ПУБЛИКАЦИИ ИЛИ ПРОИЗВОДСТВА |
| Страна публикации |
российская федерация |
| 105 ## - ПОЛЕ КОДИРОВАННЫХ ДАННЫХ: ТЕКСТОВЫЕ МАТЕРИАЛЫ, МОНОГРАФИЧЕСКИЕ |
| Кодированные данные о монографическом текстовом документе |
a ||||||||| |
| 200 1# - ЗАГЛАВИЕ И СВЕДЕНИЯ ОБ ОТВЕТСТВЕННОСТИ |
| Основное заглавие |
Член-корреспондент Академии художеств СССР народный художник СССР лауреат Государственной премии СССР Борис Валентинович Щербаков |
| Сведения, относящиеся к заглавию |
Кат. выст. |
| Первые сведения об ответственности |
[Составители Н.И. Горянина, Н.Н. Мазуренко |
| Последующие сведения об ответственности |
Авт. вступ. ст. Г.Б. Щербакова] |
| 205 ## - СВЕДЕНИЯ ОБ ИЗДАНИИ |
| Сведения об издании |
[2-е изд., перераб.] |
| 210 ## - ПУБЛИКАЦИЯ, РАСПРОСТРАНЕНИЕ И ДР. |
| Место издания, распространения и т.д. |
М. |
| Имя издателя, распространителя и т. д. |
Изобразит. искусство |
| Дата издания, распространения и т.д. |
1987 |
| 215 ## - ФИЗИЧЕСКАЯ ХАРАКТЕРИСТИКА |
| Специфическое обозначение материала и объем |
62, [1] с. |
| Другие сведения о физической характеристике |
ил., цв. |
| Размеры |
29 |
| 300 ## - ОБЩИЕ ПРИМЕЧАНИЯ |
| Текст примечания |
В надзаг.: М-во культуры СССР, Акад. художеств СССР, Союз художников СССР, М-во культуры РСФСР, Союз художников РСФСР |
| 702 #1 - ИМЯ ЛИЦА - ВТОРИЧНАЯ ОТВЕТСТВЕННОСТЬ |
| Начальный элемент ввода |
Горянина |
| Часть имени, кроме начального элемента ввода |
Н.И. |
| Расширение инициалов личного имени |
Нина Ивановна |
| Код отношения |
Составитель |
| 710 10 - НАИМЕНОВАНИЕ ОРГАНИЗАЦИИ - ПЕРВИЧНАЯ ОТВЕТСТВЕННОСТЬ |
| Начальный элемент ввода |
Щербаков, |
| Инверсированный элемент |
Борис Валентинович |
| Часть наименования, отличная от начального элемента ввода и от инверсированного элемента |
Выставка произведений |
| Дата проведения временной организации |
1987 |
| Место проведения временной организации |
Москва |
| Идентификатор авторитетной/нормативной записи |
RU\NLR\AUTH\8810078902 |
| Системный номер авторитетной/нормативной записи |
659933 |
| 801 #0 - ИСТОЧНИК ЗАПИСИ |
| Страна |
российская федерация |
| Организация |
NLR |
| Правила каталогизации |
psbo |
| 801 #1 - ИСТОЧНИК ЗАПИСИ |
| Страна |
российская федерация |
| Организация |
ELAR |
| Источник данных |
rusmarc |
| 852 ## - МЕСТОНАХОЖДЕНИЕ И ШИФР ХРАНЕНИЯ |
| Идентификатор организации |
NLR |
| Наименование фонда или коллекции (Sub-Location Identifier) |
Э |
| Шифр хранения (Call Number) |
КП/Щ612 |
| 942 ## - ДОПОЛНИТЕЛЬНЫЕ ЭЛЕМЕНТЫ ЗАПИСИ (АБИС) |
| Тип экземпляра АБИС |
Книга |
| 980 ## - КОЛЛЕКЦИЯ |
| Название коллекции |
Национальная библиография |